[Event "IECC CL6-2002.05"]
[Site "IECC email"]
[Date "2002.02.10"]
[Round "?"]
[White "Knapczyk, Franciszek"]
[Black "McCarthy, Michael"]
[Result "1-0"]
[WhiteElo "1379"]
[BlackElo "1371"]
[PlyCount "53"]
[EventDate "2002.??.??"]
[EventType "tourn (corr)"]
[EventRounds "4"]
[SourceTitle "Corr 2008"]
[Source "ChessBase"]
[SourceDate "2008.06.24"]
[SourceVersion "1"]
[SourceVersionDate "2008.06.24"]
[SourceQuality "1"]

1. c4 Nf6 2. Nc3 g6 3. d4 Bg7 4. e4 d6 5. f3 0-0 6. Be3 Nc6 7. Qd2 a6 8. 0-0-0 Rb8 9. Bh6 e5 10. Bxg7 Kxg7 11. Nge2 b5 12. h4 b4 13. Nd5 Nxd5 14. exd5 Nxd4 15. Nxd4 exd4 16. h5 Qf6 17. hxg6 Qxg6 18. Qxd4+ Kg8 19. g4 Qg7 20. Qxg7+ Kxg7 21. Bd3 h6 22. Rde1 Bb7 23. Re7 Rbc8 24. Rhe1 Kg8 25. Bf5 Rb8 26. Rxc7 a5 27. Ree7 1-0

[Event "IECC CL6-2002.05"]
[Site "IECC email"]
[Date "2002.02.10"]
[Round "?"]
[White "Knapczyk, Franciszek"]
[Black "Pivirotto, Filiberto"]
[Result "1-0"]
[WhiteElo "1394"]
[BlackElo "1171"]
[PlyCount "51"]
[EventDate "2002.??.??"]
[EventType "tourn (corr)"]
[EventRounds "4"]
[SourceTitle "Corr 2008"]
[Source "ChessBase"]
[SourceDate "2008.06.24"]
[SourceVersion "1"]
[SourceVersionDate "2008.06.24"]
[SourceQuality "1"]

1. c4 e5 2. Nc3 c6 3. d3 Nf6 4. g3 Bb4 5. Bd2 0-0 6. Bg2 h6 7. Ne4 Bxd2+ 8. Qxd2 d6 9. Nf3 Nxe4 10. dxe4 c5 11. 0-0-0 Nc6 12. Qxd6 Qxd6 13. Rxd6 Nd4 14. Nxe5 Nxe2+ 15. Kd2 Nd4 16. Nd7 Rd8 17. Nf6+ gxf6 18. Rxd8+ Kg7 19. Bh3 Nf3+ 20. Ke3 Nd4 21. Rxc8 Rxc8 22. Bxc8 b6 23. Rd1 Kg6 24. Bf5+ Kg5 25. h4+ Kh5 26. g4+ 1-0

[Event "IECC CL6-2002.05"]
[Site "IECC email"]
[Date "2002.02.10"]
[Round "?"]
[White "Theofel, Heiner"]
[Black "Knapczyk, Franciszek"]
[Result "0-1"]
[WhiteElo "1391"]
[BlackElo "1361"]
[PlyCount "118"]
[EventDate "2002.??.??"]
[EventType "tourn (corr)"]
[EventRounds "4"]
[SourceTitle "Corr 2008"]
[Source "ChessBase"]
[SourceDate "2008.06.24"]
[SourceVersion "1"]
[SourceVersionDate "2008.06.24"]
[SourceQuality "1"]

1. e4 c5 2. Nf3 d6 3. d4 cxd4 4. Nxd4 Nf6 5. Nc3 e6 6. g4 h6 7. h4 a6 8. Bg2 Nxg4 9. Qxg4 e5 10. Nf5 g6 11. Be3 gxf5 12. exf5 Nd7 13. Qa4 Rb8 14. Bd5 Qf6 15. Qe4 Nc5 16. Bxc5 dxc5 17. 0-0-0 h5 18. Rde1 Bg7 19. f4 Bxf5 20. Qxe5+ Qxe5 21. fxe5 Ke7 22. Ne4 Bxe4 23. Rxe4 b5 24. Rf1 Rbf8 25. c3 Rhg8 26. Kc2 Bh8 27. Rf5 Rg4 28. Rxh5 Rxe4 29. Bxe4 Ke6 30. Bf5+ Kd5 31. Rh6 Kxe5 32. Bd3 c4 33. Be2 Bf6 34. b3 cxb3+ 35. axb3 Rc8 36. c4 Rc7 37. Kc3 a5 38. Rh5+ Kf4+ 39. Kd2 bxc4 40. Bxc4 a4 41. Ra5 axb3 42. Ra6 Rxc4 43. Rxf6+ Ke4 44. Rb6 Rc2+ 45. Kd1 Rc3 46. Kd2 Rd3+ 47. Kc1 f5 48. h5 f4 49. h6 Rh3 50. h7 Rxh7 51. Rxb3 f3 52. Kd2 Kf4 53. Rb8 Kg3 54. Rg8+ Kf2 55. Rg6 Rh2 56. Kd1 Rg2 57. Re6 Kg1 58. Re1+ Kh2 59. Rf1 Rg1 0-1

[Event "IECC CL6-2001.20"]
[Site "IECC email"]
[Date "2001.06.24"]
[Round "?"]
[White "Knapczyk, Franciszek"]
[Black "MacNair, Adrian"]
[Result "1/2-1/2"]
[WhiteElo "1349"]
[BlackElo "1293"]
[PlyCount "66"]
[EventDate "2001.??.??"]
[EventType "tourn (corr)"]
[EventRounds "4"]
[SourceTitle "Corr 2008"]
[Source "ChessBase"]
[SourceDate "2008.06.24"]
[SourceVersion "1"]
[SourceVersionDate "2008.06.24"]
[SourceQuality "1"]

1. e4 c5 2. Nf3 d6 3. d4 cxd4 4. Nxd4 Nf6 5. Nc3 a6 6. Bd3 g6 7. Bg5 Nbd7 8. 0-0 Qb6 9. Nb3 Bg7 10. Rb1 0-0 11. Nd5 Nxd5 12. exd5 Nf6 13. Qf3 Bd7 14. Rfe1 Rae8 15. c4 Ba4 16. Be3 Qc7 17. Bd4 Bxb3 18. axb3 e5 19. dxe6 Rxe6 20. Rxe6 fxe6 21. Qe2 e5 22. Bc3 Qb6 23. b4 Re8 24. Re1 Nd7 25. c5 dxc5 26. b5 e4 27. bxa6 bxa6 28. Bxa6 Bxc3 29. bxc3 Nf6 30. Bb5 Rd8 31. Bc4+ Kg7 32. f3 exf3 33. Qxf3 Rf8 1/2-1/2